000 00814nam a2200313Ia 4500
001 8132
005 20240113234051.0
007 ta
008 050716s 198 a g b000 u eng u
040 _aCotton College,Assam
041 _aeng
082 _a910
_bSa 97 Ge
100 _aSaxena, H.M. .
245 0 _aGeography of Marketing: Concepts and Methodology /
_cH.M. Saxena.
_hTextual Documents
250 _a1st ed. /
260 _aNew Delhi :
_bSterling publishers ,
_cC 1984.
300 _axi, 151p. :
_bill ;
_c22cm .
504 _aIndex
653 _aGeography-Marketing
653 _aMarketing-Geography
653 _aPG-Geography
653 _aG-Geography
942 _2ddc
_cBK
999 _c8119
_d8119